[Event "Titled Tuesday intern op 27th Jun Late"]
[Site "Chess.com INT"]
[Date "2023.06.27"]
[Round "4"]
[White "Galperin, Platon"]
[Black "Bazeev, German"]
[Result "1-0"]
[WhiteElo "2551"]
[BlackElo "2369"]
[PlyCount "61"]
[EventDate "2023.06.27"]
[EventType "swiss (blitz)"]
[EventRounds "11"]
[EventCountry "USA"]
[SourceTitle "EXT 2024"]
[Source "ChessBase"]
[SourceDate "2023.10.10"]
[SourceVersion "1"]
[SourceVersionDate "2023.10.10"]
[SourceQuality "1"]

1. e4 c5 2. Nf3 Nc6 3. Bb5 g6 4. c3 Nf6 5. Qe2 Bg7 6. d4 cxd4 7. cxd4 d5 8. exd5 Nxd5 9. 0-0 Kf8 10. Bxc6 bxc6 11. h3 h6 12. Re1 Bf6 13. Nc3 Kg7 14. Ne4 Bf5 15. Ng3 Be6 16. Ne5 Qb6 17. Qe4 Bxe5 18. Qxe5+ Nf6 19. b3 Rad8 20. Ne2 Rd5 21. Qg3 Nh5 22. Qc3 Rhd8 23. Ba3 R8d7 24. Bc5 Qa6 25. g4 Nf6 26. Nf4 g5 27. Nxe6+ fxe6 28. Rxe6 Kf7 29. Qe3 Qb7 30. Re1 Ng8 31. Qe4 1-0

[Event "POL Superleague Rapid"]
[Site "Poland"]
[Date "2023.06.07"]
[Round "8.3"]
[White "Sieciechowicz, Marcin"]
[Black "Galperin, Platon"]
[Result "1/2-1/2"]
[WhiteElo "2387"]
[BlackElo "2528"]
[PlyCount "83"]
[EventDate "2023.04.04"]
[EventType "team-tourn (rapid)"]
[EventRounds "14"]
[EventCountry "POL"]
[SourceTitle "EXT 2024"]
[Source "ChessBase"]
[SourceDate "2023.10.10"]
[SourceVersion "1"]
[SourceVersionDate "2023.10.10"]
[SourceQuality "1"]
[WhiteTeam "Wielkopolski CC"]
[BlackTeam "Gliwice Akademia Szachowa II"]
[WhiteTeamCountry "POL"]
[BlackTeamCountry "POL"]

1. d4 Nf6 2. c4 g6 3. Nc3 Bg7 4. e4 d6 5. f3 a6 6. Be3 0-0 7. Qd2 Nc6 8. Nge2 Bd7 9. Rc1 b5 10. Ng3 e5 11. d5 Nd4 12. Bd3 c5 13. dxc6 Bxc6 14. 0-0 bxc4 15. Bxc4 d5 16. exd5 Nxd5 17. Nxd5 Bxd5 18. b3 a5 19. Bxd4 exd4 20. Rfd1 a4 21. Ne2 axb3 22. axb3 Bxc4 23. bxc4 Re8 24. Nf4 Bh6 25. g3 Ra3 26. c5 Rxf3 27. Qxd4 Re1+ 28. Kg2 Qxd4 29. Rxd4 Rxg3+ 30. hxg3 Rxc1 31. Rd8+ Bf8 32. Nd3 Rc3 33. Ne5 Kg7 34. Rd7 Bxc5 35. Rxf7+ Kg8 36. Rc7 Bd4 37. Rxc3 Bxc3 38. Nf3 h5 39. Kh3 Kf7 40. g4 hxg4+ 41. Kxg4 g5 42. Nxg5+ 1/2-1/2

[Event "Norway Chess op"]
[Site "Stavanger"]
[Date "2023.05.27"]
[Round "1"]
[White "Fishbein, Mitch"]
[Black "Galperin, Platon"]
[Result "0-1"]
[WhiteElo "2120"]
[BlackElo "2528"]
[PlyCount "50"]
[EventDate "2023.05.27"]
[EventType "swiss"]
[EventRounds "10"]
[EventCountry "NOR"]
[SourceTitle "CBM 214 Extra"]
[Source "ChessBase"]
[SourceDate "2023.07.31"]
[SourceVersion "1"]
[SourceVersionDate "2023.07.31"]
[SourceQuality "1"]

1. Nf3 Nf6 2. c4 g6 3. Nc3 Bg7 4. e4 d6 5. d4 0-0 6. Be2 Na6 7. 0-0 e5 8. Bg5 h6 9. Be3 Qe7 10. d5 Nc5 11. Qc2 Ng4 12. Bd2 f5 13. g3 g5 14. h3 fxe4 15. Nxg5 Nf6 16. Ngxe4 Bxh3 17. Rfe1 Bf5 18. Bf3 Qf7 19. Re2 Ng4 20. Bg2 Qh5 21. b4 Nxe4 22. Nxe4 Qh2+ 23. Kf1 Nf6 24. Be3 Bh3 25. f3 Ng4 0-1

[Event "Sharjah Masters 6th"]
[Site "Sharjah"]
[Date "2023.05.23"]
[Round "7"]
[White "Galperin, Platon"]
[Black "Sargsyan, Shant"]
[Result "1/2-1/2"]
[WhiteElo "2528"]
[BlackElo "2630"]
[PlyCount "68"]
[EventDate "2023.05.17"]
[EventType "swiss"]
[EventRounds "9"]
[EventCountry "UAE"]
[SourceTitle "CBM 215"]
[Source "ChessBase"]
[SourceDate "2023.08.31"]
[SourceVersion "1"]
[SourceVersionDate "2023.08.31"]
[SourceQuality "1"]

1. d4 d5 2. c4 e6 3. Nc3 Nf6 4. cxd5 exd5 5. Bf4 Bd6 6. Bxd6 Qxd6 7. e3 Bf5 8. Qf3 Bg6 9. Nge2 Qb4 10. 0-0-0 Nbd7 11. Nf4 c6 12. h4 Nb6 13. Nd3 Qe7 14. h5 Be4 15. Qg3 0-0 16. h6 g6 17. Qe5 Rfe8 18. Qxe7 Rxe7 19. Nc5 Bf5 20. f3 g5 21. Re1 Rae8 22. Kd2 Nc8 23. g4 Bg6 24. Nd3 Nd7 25. Nf2 Nd6 26. b3 Nf8 27. Bd3 Bxd3 28. Nxd3 Ng6 29. Rhf1 f6 30. e4 dxe4 31. Nxe4 Nxe4+ 32. fxe4 Rxe4 33. Rxf6 Rxe1 34. Nxe1 Nf4 1/2-1/2